000 00964cam a2200337 4500
001 345104
003 ARRUPE
005 20160322112347.0
008 850521r1973 nyua b 001 0 eng
010 _a 72009126
020 _a0060121947
035 _a(OCoLC)698446
035 _a(OCoLC)ocm00698446
035 _a(CStRLIN)NYCG85-B48403
035 _a(NNC)345104
040 _dNNC
_cArrupe
050 0 _aLB1134
_b.J39
082 _a370.15/2
090 _aLB1134
_b.J39
100 1 _aJensen, Arthur Robert.
_923157
245 1 0 _aEducability and group differences
_c[by] Arthur R. Jensen.
260 _aLondon,
_bMethuen and Co. LTD.
_c[1973]
300 _aviii, 407 p.
_billus.
_c22 cm.
500 _aIncludes index.
504 _aBibliography: p. [376]-396.
650 0 _aIntelligence levels.
_919145
650 0 _aLearning ability.
_923158
650 0 _aStudents
_xSocial-economic status
_923159
942 _2lcc
_cMONOGRAPH
999 _c124425
_d124425